000 00905nam a2200277Ia 4500
008 160319s9999 xx 000 0 und d
020 _a9717560269
050 _aFIL RA 541.P6
050 _b.J56 2002 c.1
100 _aJimenez, Carmen E.
245 _aCommunity organizing participatory action research (CO-PAR) for community health development :
245 _bhelping people grow and glow /
245 _cCarmen E . Jimenez.
250 _a2nd Edition
260 _aLucena City:
260 _b[s.n.] :
260 _c2002
300 _a196 pages :
300 _billustrations ;
300 _c23 cm.
500 _aIncludes bibliographical references.
650 _aCommunity health services -- Philippines -- Citizan participation.
650 _aParticipant observation -- Philippines.
650 _xAction research -- Philippines.
650 _xPrimary health care -- Philippines.
999 _c291581
_d291581